| 000 | 01730nkc a22002777a 4500 | ||
|---|---|---|---|
| 001 | 85858 | ||
| 005 | 20260430100807.0 | ||
| 007 | kh bo | ||
| 008 | 260430s1915 sp ||||| |||| |0| i|spa d | ||
| 040 |
_aM-RABA _bspa _cM-RABA |
||
| 100 | 1 |
_aRoig Villalonga, Juana ( _d1877-1941) _942535 |
|
| 245 | 1 | 1 |
_a[Vistas de Olite _b: Iglesia de Santa María y Alcázar de los Reyes] _c/ J. Roig _h[Material gráfico] |
| 260 |
_aMadrid _b: J. Roig _c[ca.1915] |
||
| 300 |
_a2 fotografías _b: aristotipo _c, imagen 15,5 x 21,5 cm |
||
| 500 | 0 | 0 | _aConjunto de dos imágenes que representan diferentes vistas de Olite, en Navarra, correspondientes a la portada de la Iglesia de Santa María y una vista general del antiguo Alcázar de los Reyes. |
| 500 | 0 | 0 | _aFot-822: OLITE (Navarra)- Iglesia de Santa María. Puerta Fot-823: OLITE (Navarra)- Antiguo Alcázar de los reyes de Navarra. |
| 500 | 0 | 0 | _aOriginales de Laurent conservados en el IPCE. Número de inventario: VN-01132 y VN-01241 |
| 500 | 0 | 0 | _aSello a tinta en el verso: "J. Roig. Madrid. Carrera y Jerónimo, 58". Corresponde a Juana Roig Villalonga, encargada del negocio de Juan Laurent entre 1915 y 1930. Fecha tomada de la época en activo de J. Roig. |
| 651 | 7 |
_aOlite (Navarra, España) _98884 |
|
| 655 | 0 |
_aFotografías de monumentos _9111580 |
|
| 700 | 1 |
_aLaurent, J. ( _d1816-1886) _955737 |
|
| 852 | _jFot-822; Fot-823 | ||
| 856 |
_uhttps://archivoybiblioteca.realacademiabellasartessanfernando.com/cgi-bin/koha/opac-retrieve-file.pl?id=a26ffda778db3add87c0237e0db94678 _yFot-822 |
||
| 856 |
_uhttps://archivoybiblioteca.realacademiabellasartessanfernando.com/cgi-bin/koha/opac-retrieve-file.pl?id=13f20047b2d7dc1d14144ec61c74144e _yFot-823 |
||
| 942 |
_cFOTOGRAFÍA _n0 |
||
| 999 |
_c85858 _d85858 |
||